Giáo trình chẩn đoán hình ảnh thông dụng trong răng hàm mặt Giáo trình đại học - sau đại học
שמור ב:
| מחבר ראשי: | |
|---|---|
| פורמט: | ספר |
| שפה: | Undetermined |
| יצא לאור: |
H.
Y Học
2002
|
| נושאים: | |
| תגים: |
הוספת תג
אין תגיות, היה/י הראשונ/ה לתייג את הרשומה!
|
| Thư viện lưu trữ: | Trung tâm Học liệu Trường Đại học Cần Thơ |
|---|
| LEADER | 00623nam a2200193Ia 4500 | ||
|---|---|---|---|
| 001 | CTU_52258 | ||
| 008 | 210402s9999 xx 000 0 und d | ||
| 020 | |b 7500 | ||
| 082 | |a 616.0757 | ||
| 082 | |b Tr561 | ||
| 100 | |a Trần Văn Trường | ||
| 245 | 0 | |a Giáo trình chẩn đoán hình ảnh thông dụng trong răng hàm mặt | |
| 245 | 0 | |b Giáo trình đại học - sau đại học | |
| 245 | 0 | |c Trần Văn Trường | |
| 260 | |a H. | ||
| 260 | |b Y Học | ||
| 260 | |c 2002 | ||
| 650 | |a oral medicine,diagnosis, radioscopic | ||
| 980 | |a Trung tâm Học liệu Trường Đại học Cần Thơ | ||